000 00834nam a2200277 i 4500
001 66641
003 ES-MaACL
005 20230906165742.0
007 t|
008 000906s2001 sp ||||0| spa d
020 _a84-89717-48-6
040 _aM-BN
_bspa
_cM-BN
080 _a159.922.8
080 _a171-053.6
100 1 _aCalvo Andrés, José María.
_933870
245 1 0 _aHola, soy Carlos
_b: reflexiones de un adolescente /
_cJosé María Calvo Andrés.
250 _a2ª ed.
260 _aArmilla (Granada) :
_bOsuna,
_c2001.
300 _a410 p. ;
_c19 cm.
490 1 _aColección EOS ;
_v37
650 1 4 _aAdolescentes-
_xPsicología.
_99649
650 1 4 _aAdolescentes-
_xConducta de vida.
_99648
830 0 _aColección EOS ;
_v37
_9183037
852 _aES-MaACL
_jL-27132
_bR.132631
999 _c66641
_d66641